000 00477nab a2200145Ia 4500
003 ES-SlBCS
005 20210601142911.0
008 140529s2005 xxu||||| |||| 00| 0 spa d
041 _aspa
100 1 _aPollak-Eltz, Angelina
_9220363
245 0 0 _aConceptos cristológicos de pentecostales y otras iglesias cristianas
_c Angelina Pollak-Eltz
650 0 4 _aFundamentalismo Teológico
_9237156
773 0 _tIter
_gvol. 16, nº. 37-38, 2005, págs. 117-122
_wRev385
942 _cAR
999 _c683856
_d683856